000 01464nam a2200241Ia 4500
999 _c55973
_d55973
001 23072
003 GE_BSU
005 20230703161331.0
008 181216s1971||||ge |||||||||||||| ||geo||
040 _cGE_BSU
041 _ageo
080 _a091(=353.1) ძ-65
245 _aძილისპირნი და ღმრთისმშობლისანი : ორი ძველი რედაქცია X-XI სს. ხელნაწერების მიხედვით /
_cგამოსცა და გამოკვლევა დაურთო ელ. მეტრეველმა ; რედ. ალ. გამყრელიძე.
264 _aთბილისი :
_bმეცნიერება,
_c1971.
300 _a278 გვ. :
_b5 ფ. ტაბ. ;
_c25 სმ.
501 _aტექსტის ნაწილი რუსულ ენაზე
541 _h5 ლ. 04თ.
653 _aქართული ხელნაწერები
653 _aძილისპირნი და ღმრთისმშობლისანი : ორი ძველი რედაქცია X-XI სს. ხელნაწერების მიხედვით
700 _aგამყრელიძე, ალ.
_eრედაქტორი
_919150
710 _aკ. კეკელიძის სახ. ხელნაწერთა ინსტიტუტი
_97800
942 _cBK
_2udc